00369nam a2200133Ia 450000500170000000800410001702000150005808200130007310000170008624500290010326000400013230000130017250000500018520250612022531.0240331s9999 xx 000 0 und d a9559302019 bKULa322 aKularatne, P 0aPremadas gathanayen pasu aRajagiriyabDiyasa publishersc1994 a125 p ., aA Book of After the Assis nation of Premadasa